000 00474nam a2200157Ia 4500
003 OSt
005 20200519122358.0
008 190216s9999||||xx |||||||||||||| ||und||
040 _coclc
082 _a351.000917671
_bIMA/A
100 _aImamuddin, S M
_92431
245 0 _aArab Muslim Administration /
_cS M Imamuddin
260 _bKitab Bhavan,
_c1984.
_aNew Delhi:
300 _a161p
942 _cBK
_2ddc
_h351.000917671
_iIMA/A
_k351.000917671
_mIMA/A
999 _c22212
_d22212